Latin and Greek Roots - Statistics

General Stats
  • This quiz has been taken 132 times
  • The average score is 7 of 25
Answer Stats
Hint Answer % Correct
same homo
72%
fear phobia
69%
life bio
51%
death mort
47%
time chron
45%
viewing instrument scope
42%
false pseudo
41%
different hetero
38%
self auto
32%
good bene
29%
writing graph
29%
both ambi
23%
many multi
23%
name nym
21%
across trans
21%
heat therm
19%
shape, form morph
17%
around circum
15%
man, humanity anthropo
11%
carry port
9%
to little under
8%
strength fort
7%
below, beneath hypo
6%
power dyna
5%
art, science, skill techno
2%
No matching quizzes found
Score Distribution
Percent of People with Each Score
Percentile by Number Answered
Your Score History
You have not taken this quiz